[Event "AUT-chT2O 2425"]
[Site "Austria"]
[Date "2024.10.12"]
[Round "2.5"]
[White "Hofegger, Jakob"]
[Black "Wiedermann, Daniel"]
[Result "1-0"]
[WhiteElo "2164"]
[BlackElo "2100"]
[PlyCount "53"]
[EventDate "2024.10.11"]
[EventType "team-tourn"]
[EventRounds "11"]
[EventCountry "AUT"]
[SourceTitle "CB42_2024"]
[Source "ChessBase"]
[SourceDate "2024.10.16"]
[SourceVersion "1"]
[SourceVersionDate "2024.10.16"]
[SourceQuality "1"]
[WhiteTeam "Krems Voest"]
[BlackTeam "Amateure"]
[WhiteTeamCountry "AUT"]
[BlackTeamCountry "AUT"]

1. e4 c6 2. d3 g6 3. Nf3 Bg7 4. g3 d5 5. Nbd2 Nf6 6. Bg2 0-0 7. 0-0 Nbd7 8. Qe2 e6 9. Re1 a5 10. e5 Ne8 11. Nf1 Nc7 12. Bf4 b5 13. h4 b4 14. N1h2 Nb5 15. h5 Qb6 16. Ng4 Nd4 17. Nxd4 Qxd4 18. Rab1 Qb6 19. Qd2 Re8 20. hxg6 fxg6 21. Bh6 Bxh6 22. Qxh6 Rf8 23. Re3 Rf5 24. Rf3 Rh5 25. Qf4 Kh8 26. Nf6 Rf5 27. Qh6 1-0

[Event "AUT-chT2O 2324"]
[Site "Austria"]
[Date "2024.01.28"]
[Round "7.5"]
[White "Wiedermann, Daniel"]
[Black "Ernst, Robert"]
[Result "1/2-1/2"]
[WhiteElo "2128"]
[BlackElo "2093"]
[PlyCount "92"]
[EventDate "2023.10.13"]
[EventType "team-tourn"]
[EventRounds "11"]
[EventCountry "AUT"]
[SourceTitle "EXT 2025"]
[Source "ChessBase"]
[SourceDate "2024.10.14"]
[SourceVersion "1"]
[SourceVersionDate "2024.10.14"]
[SourceQuality "1"]
[WhiteTeam "Amateure"]
[BlackTeam "Pressbaum"]
[WhiteTeamCountry "AUT"]
[BlackTeamCountry "AUT"]

1. d4 d5 2. c4 c6 3. Nc3 Nf6 4. e3 a6 5. Nf3 Bf5 6. cxd5 cxd5 7. Qb3 Ra7 8. Bd2 e6 9. Nh4 Bg4 10. h3 Bh5 11. g4 Nfd7 12. Ng2 Bg6 13. Nf4 Bd6 14. Nxg6 hxg6 15. Bg2 Nc6 16. Qc2 Nb4 17. Qb1 b5 18. a3 Nc6 19. Qd3 Nb6 20. b3 Qe7 21. a4 Nb4 22. Qb1 bxa4 23. Nxa4 Nxa4 24. Rxa4 0-0 25. 0-0 Rc8 26. Rc1 Rxc1+ 27. Qxc1 Rc7 28. Qb1 Rc6 29. Bf1 Qb7 30. Qa1 Rb6 31. Bxb4 Rxb4 32. Rxb4 Qxb4 33. Qxa6 Bf8 34. Qb5 Qxb5 35. Bxb5 g5 36. f3 f6 37. e4 Kf7 38. Bc6 Ke7 39. b4 Kd6 40. b5 Be7 41. Kf2 Bd8 42. Ke3 Bb6 43. Kd3 Ba5 44. Ke3 Bb6 45. Kd3 Ba5 46. Ke3 Bb6 1/2-1/2

[Event "AUT-chT2O 2324"]
[Site "Austria"]
[Date "2023.11.05"]
[Round "5.4"]
[White "Plachetka, Jan"]
[Black "Wiedermann, Daniel"]
[Result "1-0"]
[WhiteElo "2289"]
[BlackElo "2128"]
[PlyCount "65"]
[EventDate "2023.10.13"]
[EventType "team-tourn"]
[EventRounds "11"]
[EventCountry "AUT"]
[SourceTitle "EXT 2025"]
[Source "ChessBase"]
[SourceDate "2024.10.14"]
[SourceVersion "1"]
[SourceVersionDate "2024.10.14"]
[SourceQuality "1"]
[WhiteTeam "Bad Voeslau"]
[BlackTeam "Amateure"]
[WhiteTeamCountry "AUT"]
[BlackTeamCountry "AUT"]

1. d4 Nf6 2. Nf3 g6 3. Bg5 Bg7 4. Nbd2 0-0 5. e3 d6 6. Bc4 h6 7. Bh4 Qe8 8. 0-0 e5 9. Bb3 e4 10. Bxf6 Bxf6 11. Ne1 c6 12. f3 exf3 13. Qxf3 Bg7 14. Nd3 d5 15. Rae1 Bf5 16. Nf4 Nd7 17. c4 dxc4 18. Nxc4 Be4 19. Qg3 Qe7 20. Nd2 Kh7 21. Nxe4 Qxe4 22. Re2 Qe8 23. Bc2 f5 24. h4 h5 25. e4 Bxd4+ 26. Kh1 Be5 27. exf5 Bxf4 28. Rxf4 Qxe2 29. Qxg6+ Kh8 30. Qh6+ Kg8 31. Bb3+ Rf7 32. Qg6+ Kh8 33. Bxf7 1-0

[Event "AUT-chT2O 2324"]
[Site "Austria"]
[Date "2023.10.14"]
[Round "2.4"]
[White "Wiedermann, Daniel"]
[Black "Petran, Peter"]
[Result "1-0"]
[WhiteElo "2128"]
[BlackElo "2192"]
[PlyCount "59"]
[EventDate "2023.10.13"]
[EventType "team-tourn"]
[EventRounds "11"]
[EventCountry "AUT"]
[SourceTitle "EXT 2025"]
[Source "ChessBase"]
[SourceDate "2024.10.14"]
[SourceVersion "1"]
[SourceVersionDate "2024.10.14"]
[SourceQuality "1"]
[WhiteTeam "Amateure"]
[BlackTeam "Mattersburg"]
[WhiteTeamCountry "AUT"]
[BlackTeamCountry "AUT"]

1. d4 g6 2. c4 Bg7 3. e4 Nc6 4. Ne2 e5 5. d5 Nd4 6. Nxd4 exd4 7. Bd3 d6 8. 0-0 Ne7 9. f4 f5 10. Nd2 0-0 11. Nf3 c6 12. exf5 gxf5 13. Bd2 Kh8 14. Ng5 h6 15. Qh5 Kg8 16. Ne6 Bxe6 17. dxe6 Qe8 18. Qe2 Rf6 19. Rae1 Rg6 20. Kh1 Qf8 21. Qh5 Qf6 22. Re2 Rg4 23. h3 Rg3 24. Rf3 Rxf3 25. Qxf3 Rf8 26. g4 fxg4 27. hxg4 Qh4+ 28. Rh2 Qf6 29. Qe4 Re8 30. g5 1-0

[Event "AUT-ch Zwisch Internet"]
[Site "Playchess.com INT"]
[Date "2020.05.02"]
[Round "8"]
[White "Steindl, Johannes"]
[Black "Wiedermann, Daniel"]
[Result "1-0"]
[WhiteElo "2315"]
[BlackElo "2048"]
[PlyCount "73"]
[EventDate "2020.05.02"]
[EventType "swiss (blitz)"]
[EventRounds "13"]
[EventCountry "AUT"]
[SourceTitle "CBM 195 Extra"]
[Source "ChessBase"]
[SourceDate "2020.05.31"]
[SourceVersion "1"]
[SourceVersionDate "2020.05.31"]
[SourceQuality "1"]

1. e4 c6 2. d4 d5 3. f3 dxe4 4. fxe4 e5 5. Nf3 Bg4 6. c3 Nd7 7. Bd3 Ngf6 8. 0-0 Bd6 9. Bg5 Qc7 10. Nbd2 0-0 11. Qe1 Bh5 12. Qh4 Bg6 13. Rae1 Rae8 14. Nc4 b5 15. Ncxe5 Bxe5 16. dxe5 Nxe5 17. Nxe5 Qxe5 18. Bxf6 gxf6 19. Qxf6 Qxf6 20. Rxf6 Re6 21. Rxe6 fxe6 22. Bc2 e5 23. Rd1 Kg7 24. Rd6 Rf6 25. Rd7+ Rf7 26. Rxf7+ Kxf7 27. Kf2 Ke6 28. Ke3 c5 29. Bb3+ Kd6 30. Bd5 a5 31. Kf3 a4 32. a3 Be8 33. Kg4 Bg6 34. Kg5 Ke7 35. h4 Bf7 36. Bxf7 Kxf7 37. Kf5 1-0

[Event "AUT-ch Zwisch Internet"]
[Site "Playchess.com INT"]
[Date "2020.05.02"]
[Round "5"]
[White "Wiedermann, Daniel"]
[Black "Neuschmied, Siegfried"]
[Result "0-1"]
[WhiteElo "2048"]
[BlackElo "2268"]
[PlyCount "64"]
[EventDate "2020.05.02"]
[EventType "swiss (blitz)"]
[EventRounds "13"]
[EventCountry "AUT"]
[SourceTitle "CBM 195 Extra"]
[Source "ChessBase"]
[SourceDate "2020.05.31"]
[SourceVersion "1"]
[SourceVersionDate "2020.05.31"]
[SourceQuality "1"]

1. d4 Nf6 2. c4 e6 3. Nc3 Bb4 4. f3 c5 5. d5 0-0 6. e4 b5 7. e5 Ne8 8. f4 d6 9. Nf3 dxe5 10. fxe5 exd5 11. cxd5 Bb7 12. Bd3 Qxd5 13. Bxh7+ Kxh7 14. Ng5+ Kg8 15. Qh5 Bxc3+ 16. bxc3 Qxe5+ 17. Kd1 Qf5 18. Re1 Nf6 19. Qh4 Rd8+ 20. Bd2 Nc6 21. Re3 Qd5 22. Re2 Re8 23. Rxe8+ Rxe8 24. Kc2 Rd8 25. Rd1 Qd3+ 26. Kc1 b4 27. cxb4 Nxb4 28. Bxb4 Qxd1+ 29. Kb2 Qe2+ 30. Kb3 Qd3+ 31. Bc3 Bd5+ 32. Kb2 Rb8+ 0-1

[Event "AUT-ch Zwisch Internet"]
[Site "Playchess.com INT"]
[Date "2020.05.02"]
[Round "11"]
[White "Wiedermann, Daniel"]
[Black "Wagner, Leopold Franziskus"]
[Result "1-0"]
[WhiteElo "2048"]
[BlackElo "2168"]
[PlyCount "31"]
[EventDate "2020.05.02"]
[EventType "swiss (blitz)"]
[EventRounds "13"]
[EventCountry "AUT"]
[SourceTitle "CBM 195 Extra"]
[Source "ChessBase"]
[SourceDate "2020.05.31"]
[SourceVersion "1"]
[SourceVersionDate "2020.05.31"]
[SourceQuality "1"]

1. d4 Nf6 2. c4 e6 3. Nc3 Bb4 4. f3 Bxc3+ 5. bxc3 0-0 6. e4 d5 7. cxd5 exd5 8. e5 Nfd7 9. f4 c5 10. Nf3 Nc6 11. Bd3 c4 12. Bxh7+ Kxh7 13. Ng5+ Kg6 14. f5+ Kxf5 15. Qh5 Nf6 16. 0-0# 1-0

[Event "AUT-ch Vor4 Internet"]
[Site "Playchess.com INT"]
[Date "2020.04.25"]
[Round "2"]
[White "Poetz, Florian"]
[Black "Wiedermann, Daniel"]
[Result "1-0"]
[WhiteElo "2422"]
[BlackElo "2048"]
[PlyCount "49"]
[EventDate "2020.04.25"]
[EventType "swiss (blitz)"]
[EventRounds "9"]
[EventCountry "AUT"]
[SourceTitle "EXT 2021"]
[Source "ChessBase"]
[SourceDate "2020.10.23"]
[SourceVersion "1"]
[SourceVersionDate "2020.10.23"]
[SourceQuality "1"]

1. e4 c6 2. d4 d5 3. exd5 cxd5 4. c4 Nf6 5. Nc3 Nc6 6. Bg5 dxc4 7. d5 Ne5 8. Qd4 h6 9. Bf4 Ng6 10. Bxc4 a6 11. Be3 e6 12. dxe6 Bxe6 13. Bxe6 fxe6 14. Qc4 Kf7 15. Nf3 Rc8 16. Qb3 b5 17. 0-0 Bd6 18. Rad1 Qc7 19. h3 Rhe8 20. Nd4 Ne5 21. Ndxb5 axb5 22. Nxb5 Rb8 23. Nxc7 Rxb3 24. Nxe8 Nxe8 25. axb3 1-0

[Event "AUT-ch Vor4 Internet"]
[Site "Playchess.com INT"]
[Date "2020.04.25"]
[Round "8"]
[White "Wiedermann, Daniel"]
[Black "Morgunov, Marc"]
[Result "0-1"]
[WhiteElo "2048"]
[BlackElo "2341"]
[PlyCount "118"]
[EventDate "2020.04.25"]
[EventType "swiss (blitz)"]
[EventRounds "9"]
[EventCountry "AUT"]
[SourceTitle "EXT 2021"]
[Source "ChessBase"]
[SourceDate "2020.10.23"]
[SourceVersion "1"]
[SourceVersionDate "2020.10.23"]
[SourceQuality "1"]

1. d4 Nf6 2. c4 e6 3. Nc3 Bb4 4. f3 d6 5. a3 Bxc3+ 6. bxc3 b6 7. e4 0-0 8. Bd3 c5 9. f4 Bb7 10. Qe2 e5 11. Nf3 cxd4 12. cxd4 exd4 13. 0-0 Re8 14. Nxd4 Bxe4 15. Qc2 Bxd3 16. Qxd3 Na6 17. Nf5 Nc5 18. Qg3 g6 19. Bb2 Nce4 20. Nh6+ Kg7 21. Qh4 Qc8 22. Ng4 Qf5 23. Rae1 h5 24. Rxe4 hxg4 25. Rfe1 Rxe4 26. Rxe4 Rh8 27. Qxf6+ Qxf6 28. Bxf6+ Kxf6 29. Kf2 Rxh2 30. Kg3 Rh1 31. Kxg4 Ra1 32. Rd4 Ke6 33. Re4+ Kd7 34. f5 Rxa3 35. fxg6 fxg6 36. Rf4 Ke6 37. Re4+ Kf6 38. Rf4+ Ke5 39. Rf8 Rc3 40. Rc8 Kd4 41. Rd8 Rxc4 42. Kg5 Ke5 43. Re8+ Kd5 44. g4 a5 45. Ra8 Rb4 46. Kxg6 Rxg4+ 47. Kf5 Rb4 48. Rh8 a4 49. Rh3 b5 50. Rd3+ Kc4 51. Rxd6 a3 52. Ke4 a2 53. Rc6+ Kb3+ 54. Kd5 a1Q 55. Ra6 Qxa6 56. Kc5 Qc8+ 57. Kd5 Rc4 58. Kd6 Qc5+ 59. Ke6 Rh4 0-1

[Event "AUT-ch Vor3 Internet"]
[Site "Playchess.com INT"]
[Date "2020.04.17"]
[Round "2"]
[White "Galler, Alexander"]
[Black "Wiedermann, Daniel"]
[Result "0-1"]
[WhiteElo "1772"]
[BlackElo "2048"]
[PlyCount "58"]
[EventDate "2020.04.17"]
[EventType "swiss (blitz)"]
[EventRounds "9"]
[EventCountry "AUT"]
[SourceTitle "CBM 195 Extra"]
[Source "ChessBase"]
[SourceDate "2020.05.31"]
[SourceVersion "1"]
[SourceVersionDate "2020.05.31"]
[SourceQuality "1"]

1. e4 c6 2. d4 d5 3. exd5 cxd5 4. Bd3 Nc6 5. c3 g6 6. Bf4 Bf5 7. Ne2 Bxd3 8. Qxd3 Bg7 9. 0-0 Nf6 10. Qd2 Ne4 11. Qc1 Qb6 12. b3 Rc8 13. Bh6 Nxd4 14. Nxd4 Bxd4 15. Be3 Bxe3 16. Qxe3 Qxe3 17. fxe3 Nxc3 18. Nxc3 Rxc3 19. Rac1 Rxc1 20. Rxc1 Kd7 21. Rc5 e6 22. Kf2 Rc8 23. Ra5 a6 24. Ra4 Rc2+ 25. Kf3 h5 26. h4 e5 27. g3 Kd6 28. Rb4 b5 29. a4 Kc5 0-1

[Event "AUT-ch Vor3 Internet"]
[Site "Playchess.com INT"]
[Date "2020.04.17"]
[Round "7"]
[White "Grosse, Manfred"]
[Black "Wiedermann, Daniel"]
[Result "0-1"]
[WhiteElo "1860"]
[BlackElo "2048"]
[PlyCount "74"]
[EventDate "2020.04.17"]
[EventType "swiss (blitz)"]
[EventRounds "9"]
[EventCountry "AUT"]
[SourceTitle "CBM 195 Extra"]
[Source "ChessBase"]
[SourceDate "2020.05.31"]
[SourceVersion "1"]
[SourceVersionDate "2020.05.31"]
[SourceQuality "1"]

1. d4 Nf6 2. c4 g6 3. Nc3 Bg7 4. e4 0-0 5. Bd3 d6 6. Nge2 e5 7. d5 a5 8. f3 Na6 9. Be3 h6 10. Qd2 Kh7 11. 0-0-0 c6 12. h4 cxd5 13. cxd5 Nc5 14. Bb1 Bd7 15. Bxc5 dxc5 16. Ng3 h5 17. Nce2 b5 18. Rdf1 b4 19. Kd1 c4 20. Ng1 Bh6 21. Qe2 Bb5 22. Nh3 Qb6 23. Ng5+ Kg7 24. f4 Ng4 25. Nxh5+ gxh5 26. fxe5 c3 27. Bd3 Qd4 28. Rxf7+ Rxf7 29. Ne6+ Kh8 30. Nxd4 Bxd3 31. Qxd3 Nf2+ 32. Kc2 Nxd3 33. Kxd3 cxb2 34. e6 Rf2 35. d6 Rc8 36. Nb3 Bg7 37. e7 Rc3# 0-1

[Event "AUT-ch Vor2 Internet"]
[Site "Playchess.com INT"]
[Date "2020.04.13"]
[Round "3"]
[White "Wiedermann, Daniel"]
[Black "Miazhynski, Alexander"]
[Result "1-0"]
[WhiteElo "2048"]
[BlackElo "1535"]
[PlyCount "59"]
[EventDate "2020.04.13"]
[EventType "swiss (blitz)"]
[EventRounds "9"]
[EventCountry "AUT"]
[SourceTitle "CBM 195 Extra"]
[Source "ChessBase"]
[SourceDate "2020.05.31"]
[SourceVersion "1"]
[SourceVersionDate "2020.05.31"]
[SourceQuality "1"]

1. d4 Nf6 2. c4 c5 3. d5 e6 4. Nc3 exd5 5. cxd5 d6 6. e4 g6 7. f4 Bg7 8. Bb5+ Nfd7 9. Be2 0-0 10. Nf3 Re8 11. 0-0 Na6 12. Bd2 Nc7 13. Qc2 a6 14. a4 Rb8 15. a5 b5 16. axb6 Rxb6 17. Be1 Nb5 18. Bxb5 axb5 19. Bh4 Qc7 20. Rae1 c4 21. Bf2 Nc5 22. e5 Bf5 23. Qd1 dxe5 24. fxe5 Bg4 25. d6 Qc8 26. Kh1 Bxf3 27. Qxf3 Rxe5 28. Bxc5 Rxc5 29. Qxf7+ Kh8 30. Re8+ 1-0

[Event "AUT-ch Vor1 Internet"]
[Site "Playchess.com INT"]
[Date "2020.04.11"]
[Round "9"]
[White "Doskocil, Klaus"]
[Black "Wiedermann, Daniel"]
[Result "1-0"]
[WhiteElo "2157"]
[BlackElo "2048"]
[PlyCount "55"]
[EventDate "2020.04.11"]
[EventType "swiss (blitz)"]
[EventRounds "9"]
[EventCountry "AUT"]
[SourceTitle "CBM 195 Extra"]
[Source "ChessBase"]
[SourceDate "2020.05.31"]
[SourceVersion "1"]
[SourceVersionDate "2020.05.31"]
[SourceQuality "1"]

1. e4 c6 2. d4 d5 3. e5 c5 4. c3 Nc6 5. Be3 cxd4 6. cxd4 Bf5 7. Nc3 e6 8. a3 Rc8 9. Nf3 Qb6 10. Qd2 Nge7 11. Bb5 a6 12. Ba4 Bg4 13. 0-0 Bxf3 14. gxf3 Nf5 15. Rac1 Be7 16. Kh1 0-0 17. Bxc6 Rxc6 18. Rg1 Rfc8 19. Rg4 Rc4 20. Rcg1 g6 21. Rf4 Qc6 22. Rxf5 exf5 23. Bg5 Bxg5 24. Qxg5 Rxd4 25. Qxf5 Qe6 26. Qg5 Kg7 27. Ne2 Rcc4 28. Ng3 1-0

[Event "AUT-chT2O 1920"]
[Site "Austria"]
[Date "2020.03.01"]
[Round "9.5"]
[White "Wiedermann, Daniel"]
[Black "Atzl, Florian"]
[Result "0-1"]
[WhiteElo "2084"]
[BlackElo "2175"]
[PlyCount "78"]
[EventDate "2019.10.19"]
[EventType "team-tourn"]
[EventRounds "11"]
[EventCountry "AUT"]
[SourceTitle "CBM 195 Extra"]
[Source "ChessBase"]
[SourceDate "2020.05.31"]
[SourceVersion "1"]
[SourceVersionDate "2020.05.31"]
[SourceQuality "1"]
[WhiteTeam "Wiener Amateur CC"]
[BlackTeam "Wien Ottakring"]
[WhiteTeamCountry "AUT"]
[BlackTeamCountry "AUT"]

1. d4 Nf6 2. c4 c5 3. d5 b5 4. cxb5 a6 5. f3 axb5 6. e4 Qa5+ 7. Bd2 b4 8. Na3 d6 9. Nc4 Qc7 10. a3 e6 11. dxe6 fxe6 12. Bf4 e5 13. Bg5 Nc6 14. Ne2 Be6 15. Ng3 Nd4 16. Bd3 Be7 17. 0-0 0-0 18. h3 Kh8 19. axb4 Rxa1 20. Qxa1 cxb4 21. Qa6 Rc8 22. Rc1 Nb3 23. Nxd6 Nxc1 24. Nxc8 Bxc8 25. Qc4 Qc5+ 26. Kh2 Nxd3 27. Qxd3 Qd6 28. Qb5 Bd7 29. Qb7 h6 30. Be3 Kh7 31. Qa7 Be6 32. Qb7 Nd7 33. Nh5 Bf7 34. Ng3 Bg6 35. Nh1 Nf8 36. Nf2 Ne6 37. Ba7 Bg5 38. g3 Qd2 39. Kg2 Nd4 0-1

[Event "AUT-chT2O 1920"]
[Site "Austria"]
[Date "2020.02.29"]
[Round "8.5"]
[White "Poecksteiner, Johann"]
[Black "Wiedermann, Daniel"]
[Result "1-0"]
[WhiteElo "2154"]
[BlackElo "2084"]
[PlyCount "125"]
[EventDate "2019.10.19"]
[EventType "team-tourn"]
[EventRounds "11"]
[EventCountry "AUT"]
[SourceTitle "CBM 195 Extra"]
[Source "ChessBase"]
[SourceDate "2020.05.31"]
[SourceVersion "1"]
[SourceVersionDate "2020.05.31"]
[SourceQuality "1"]
[WhiteTeam "Wien Austria"]
[BlackTeam "Wiener Amateur CC"]
[WhiteTeamCountry "AUT"]
[BlackTeamCountry "AUT"]

1. d4 d5 2. Nf3 Nc6 3. Bf4 Bg4 4. e3 e6 5. Bb5 Nge7 6. c3 a6 7. Ba4 Ng6 8. Bxc6+ bxc6 9. Qa4 Qd7 10. Ne5 Nxe5 11. Bxe5 f6 12. Bg3 Bd6 13. Nd2 0-0 14. 0-0 Rab8 15. b3 Be2 16. Rfe1 Bb5 17. Qa5 Bd3 18. Bxd6 cxd6 19. e4 dxe4 20. Nxe4 e5 21. dxe5 fxe5 22. Rad1 Bxe4 23. Rxe4 Qa7 24. Re3 Rf6 25. Rd2 Rbf8 26. Ree2 e4 27. Qg5 Qe7 28. Qe3 d5 29. c4 Rf5 30. h3 R8f6 31. f3 Qe5 32. cxd5 cxd5 33. Rd1 Rf4 34. Red2 Rd6 35. Rxd5 Rxf3 36. Qd4 Rxd5 37. Qxd5+ Qxd5 38. Rxd5 Rc3 39. Ra5 e3 40. Kf1 Rc6 41. Ke2 Re6 42. Rc5 Kf7 43. Rc3 Kf6 44. Rxe3 Rc6 45. Kd2 h5 46. b4 Kf5 47. a4 h4 48. b5 axb5 49. axb5 Rg6 50. Rb3 Rxg2+ 51. Ke1 Rc2 52. b6 Rc8 53. b7 Rb8 54. Kf2 Kf4 55. Rb4+ Ke5 56. Kf3 Kf5 57. Rb5+ Ke6 58. Kg4 Kf6 59. Rb6+ Kf7 60. Kxh4 Kg8 61. Kg5 Kh7 62. Kf5 Kg8 63. Ke6 1-0

[Event "Graz op-A"]
[Site "Graz"]
[Date "2017.02.20"]
[Round "1"]
[White "Wiedermann, Daniel"]
[Black "Christiansen, Johan Sebastian"]
[Result "0-1"]
[WhiteElo "2102"]
[BlackElo "2432"]
[PlyCount "80"]
[EventDate "2017.02.20"]
[EventType "swiss"]
[EventRounds "9"]
[EventCountry "AUT"]
[SourceTitle "CBM 177 Extra"]
[Source "ChessBase"]
[SourceDate "2017.04.27"]
[SourceVersion "1"]
[SourceVersionDate "2017.04.27"]
[SourceQuality "1"]

1. d4 Nf6 2. c4 c5 3. d5 b5 4. cxb5 a6 5. f3 axb5 6. e4 Qa5+ 7. Bd2 b4 8. Na3 d6 9. Nc4 Qa7 10. a4 g6 11. b3 Bg7 12. Qc1 Nfd7 13. Ra2 Ba6 14. Nh3 Nb6 15. Nf2 N8d7 16. Ng4 f5 17. exf5 gxf5 18. Nge3 0-0 19. a5 Bxc4 20. Bxc4 f4 21. Ng4 Nxc4 22. Qxc4 Bd4 23. Qd3 Kh8 24. g3 Ne5 25. Nxe5 dxe5 26. Qe4 Qc7 27. gxf4 exf4 28. Bxb4 Rab8 29. Bd2 Rxb3 30. Ke2 Qd7 31. Rc1 Qh3 32. Kd1 Rxf3 33. a6 Qf1+ 34. Qe1 Qd3 35. a7 Rf1 36. a8Q Rxe1+ 37. Kxe1 Rxa8 38. Rxa8+ Kg7 39. Ra2 f3 40. Bg5 f2+ 0-1

[Event "AUT-chT2O 1516"]
[Site "Austria"]
[Date "2015.10.18"]
[Round "2.4"]
[White "Druckenthaner, Andreas"]
[Black "Wiedermann, Daniel"]
[Result "1/2-1/2"]
[WhiteElo "2314"]
[BlackElo "2135"]
[PlyCount "139"]
[EventDate "2015.10.17"]
[EventType "team-tourn"]
[EventRounds "11"]
[EventCountry "AUT"]
[SourceTitle "CBM 168 Extra"]
[Source "ChessBase"]
[SourceDate "2015.10.29"]
[SourceVersion "1"]
[SourceVersionDate "2015.10.29"]
[SourceQuality "1"]
[WhiteTeam "Austria"]
[BlackTeam "Purbach"]
[WhiteTeamCountry "AUT"]
[BlackTeamCountry "AUT"]

1. e4 c6 2. d4 d5 3. Nc3 dxe4 4. Nxe4 Bf5 5. Ng3 Bg6 6. h4 h6 7. Nf3 Nd7 8. Bd3 Bxd3 9. Qxd3 e6 10. Bf4 Qa5+ 11. c3 Ngf6 12. Ne4 Nxe4 13. Qxe4 Nf6 14. Qe5 Qa6 15. Qe2 Qxe2+ 16. Kxe2 Rd8 17. Rad1 Be7 18. Ne5 0-0 19. Nc4 Rd7 20. Be5 Rfd8 21. f3 Nh7 22. g4 Nf8 23. Bg3 Rd5 24. b4 Ng6 25. h5 Nf8 26. a4 Nh7 27. Rb1 Nf6 28. Bh4 Kf8 29. Bxf6 gxf6 30. f4 Kg7 31. Ne3 R5d7 32. Kf3 b6 33. Rhd1 c5 34. dxc5 bxc5 35. Rxd7 Rxd7 36. Ke4 cxb4 37. cxb4 Rb7 38. b5 Bd8 39. Nc4 Rc7 40. Kd4 Rd7+ 41. Kc3 Bc7 42. Rf1 Rd5 43. Ne3 Rc5+ 44. Kb4 Bd6 45. Kb3 Bc7 46. Kb4 Bd6 47. Nc4 Be7 48. Kc3 Bd6 49. a5 Kf8 50. b6 axb6 51. axb6 Ke7 52. f5 Rb5 53. Ra1 Be5+ 54. Nxe5 fxe5 55. Ra7+ Kf6 56. fxe6 Rxb6 57. exf7 Kg7 58. Re7 Kf8 59. Rxe5 Kxf7 60. Kd3 Rb4 61. Re4 Rb3+ 62. Kc4 Ra3 63. Rf4+ Ke6 64. Kd4 Ra4+ 65. Ke3 Rxf4 66. Kxf4 Kf6 67. Kg3 Kg5 68. Kf3 Kf6 69. Kf4 Ke6 70. g5 1/2-1/2

[Event "AUT-chT2O 1314"]
[Site "Austria"]
[Date "2014.02.22"]
[Round "8.3"]
[White "Neumeier, Klaus"]
[Black "Wiedermann, Daniel"]
[Result "1/2-1/2"]
[WhiteElo "2296"]
[BlackElo "2164"]
[PlyCount "50"]
[EventDate "2013.10.05"]
[EventType "team-tourn"]
[EventRounds "11"]
[EventCountry "AUT"]
[SourceTitle "EXT 2015"]
[Source "ChessBase"]
[SourceDate "2014.11.20"]
[SourceVersion "1"]
[SourceVersionDate "2014.11.20"]
[SourceQuality "1"]
[WhiteTeam "Eichgraben"]
[BlackTeam "Purbach"]
[WhiteTeamCountry "AUT"]
[BlackTeamCountry "AUT"]

1. d4 Nf6 2. Nf3 e6 3. c4 d5 4. g3 dxc4 5. Bg2 b5 6. 0-0 Bb7 7. a4 a6 8. axb5 axb5 9. Rxa8 Bxa8 10. Nc3 Bc6 11. Ne5 Bxg2 12. Kxg2 c6 13. Bg5 Be7 14. e3 h6 15. Bxf6 gxf6 16. Nf3 Na6 17. Qe2 Qa5 18. e4 0-0 19. Nd2 Rd8 20. Rd1 Nb4 21. Qg4+ Kh7 22. Qh5 Kg7 23. Qg4+ Kh7 24. Qh5 Kg7 25. Qg4+ Kh7 1/2-1/2